Dirección de empresas nuevas y negocios pequeños : los problemas de establecer y operar un negocio pequeño /
Guardado en:
| Autor Principal: | |
|---|---|
| Otros Autores: | |
| Formato: | Libro |
| Idioma: | Spanish English |
| Publicado: |
México :
Herrero Hermanos Sucesores,
1965.
|
| Edición: | 1a. ed. en español. |
| Materias: | |
| Etiquetas: |
Agregar Etiqueta
Sin Etiquetas, Sea el primero en etiquetar este registro!
|
| LEADER | 00777nam a22002055 4500 | ||
|---|---|---|---|
| 001 | EAD.ead004213 | ||
| 008 | 080718s1965####mx#a##########001#0#spa#d | ||
| 005 | 20180103100500.0 | ||
| 245 | 1 | 0 | |a Dirección de empresas nuevas y negocios pequeños : |b los problemas de establecer y operar un negocio pequeño / |c Donham Paul, John S. Day. |
| 250 | |a 1a. ed. en español. | ||
| 260 | |a México : |b Herrero Hermanos Sucesores, |c 1965. | ||
| 300 | |a xiv, 874 p. : |b il. ; |c 24 cm. | ||
| 500 | |a Incluye índice de casos. | ||
| 500 | |a Traducción de: New interprises and small business management. | ||
| 100 | 1 | |a Donham Paul. | |
| 700 | 1 | |a Day, John S. | |
| 082 | 0 | 4 | |a 658 |
| 650 | 7 | |a Pequeñas empresas. |2 unbist | |
| 041 | 1 | |a spa |h eng | |
| 859 | |a AR-BaBDC |b BIB. ADMINISTRACION - Libros |h 658 |i D717 |p b00392 | ||
